00641nam a2200229Ia 4500003000900000008004100009040001300050040001300063041000800076100001900084245002700103250001000130260000900140260000900149300001100158300001000169490001900179490000700198942000700205999001700212952018200229IT-RoPAU120407s9999 xx 000 0 und d aIT-RoPAU cIT-RoPAU afra aBernard Renaud aLe suis un Dieu jaloux aParis aCerf c1963 a159 p. c22 cm aLectio divina  v36 cBK c26473d26473 00102ddc406222_33600000000000071aPAULUSbPAULUSd2012-04-11l0o222.336r2012-04-11 00:00:00w2012-04-11yBKzInserito da: In data: n.d. fondo: Via A.Severo 56 Progr:23861